Hukum Al-Quran : (Record no. 795)

000 -LEADER
fixed length control field nam a22 a 4500
003 - CONTROL NUMBER IDENTIFIER
control field AKMAL
005 - DATE AND TIME OF LATEST TRANSACTION
control field 20170505115332.0
008 - FIXED-LENGTH DATA ELEMENTS--GENERAL INFORMATION
fixed length control field 170505s1991 si 00 may d
020 ## - INTERNATIONAL STANDARD BOOK NUMBER
International Standard Book Number 9971773015 (kkt.)
040 ## - CATALOGING SOURCE
Original cataloging agency AKMAL
082 ## - DEWEY DECIMAL CLASSIFICATION NUMBER
Classification number 297.122 SYA
090 20 - LOCALLY ASSIGNED LC-TYPE CALL NUMBER (OCLC); LOCAL CALL NUMBER (RLIN)
Classification number (OCLC) (R) ; Classification number, CALL (RLIN) (NR) 297.122
Local cutter number (OCLC) ; Book number/undivided call number, CALL (RLIN) SYA
100 1# - MAIN ENTRY--PERSONAL NAME
Personal name Shafi'i, Muhammad Ibn Idris,
Dates associated with a name 767 or 768-820
9 (RLIN) 1736
245 10 - TITLE STATEMENT
Title Hukum Al-Quran :
Remainder of title Asy-Syafi'iy dan ijtihadnya /
Statement of responsibility, etc. karya Imam Syafi'iy ; susunan Imam Baihaqi; alihbahasa Baihaqi Saifuddin
260 ## - PUBLICATION, DISTRIBUTION, ETC.
Place of publication, distribution, etc. Singapura :
Name of publisher, distributor, etc. Pustaka Nasional,
Date of publication, distribution, etc. 1991
300 ## - PHYSICAL DESCRIPTION
Extent 413ms. ;
Dimensions 22cm
500 ## - GENERAL NOTE
General note Terjemahan dari: Ahkamul-Quran
650 ## - SUBJECT ADDED ENTRY--TOPICAL TERM
Topical term or geographic name entry element Islamic law
9 (RLIN) 1728
650 ## - SUBJECT ADDED ENTRY--TOPICAL TERM
Topical term or geographic name entry element Islam
General subdivision Doctrines
Form subdivision Early works to 1800
9 (RLIN) 1595
700 1# - ADDED ENTRY--PERSONAL NAME
Personal name Baihaqi,
Titles and other words associated with a name Imam
9 (RLIN) 1737
700 ## - ADDED ENTRY--PERSONAL NAME
Personal name Saifuddin, Baihaqi
9 (RLIN) 1738
942 ## - ADDED ENTRY ELEMENTS (KOHA)
Source of classification or shelving scheme
Koha item type Book
Holdings
Withdrawn status Lost status Source of classification or shelving scheme Damaged status Not for loan Collection code Home library Current library Shelving location Date acquired Inventory number Total Checkouts Full call number Barcode Date last seen Price effective from Koha item type
          NON-FICTION AKMAL Melaka AKMAL Melaka PINJAMAN 05.05.2017 200195   297.122 SYA 201701877 05.05.2017 05.05.2017 Book
Pusat Sumber Maklumat Dato' Haji Sarmin Md Hussin, Akademi Kastam Diraja Malaysia, Melaka
Tel: 06-2331106 | Faks: 06-2313787